[Event "Robecchetto op 20th"]
[Site "Robecchetto"]
[Date "2009.12.27"]
[Round "1"]
[White "Bernasconi, Roberto"]
[Black "Brigati, Alessandro"]
[Result "1/2-1/2"]
[WhiteElo "1922"]
[BlackElo "2077"]
[PlyCount "128"]
[EventDate "2009.12.27"]
[EventType "swiss"]
[EventRounds "6"]
[EventCountry "ITA"]
[SourceTitle "CBM 134 Extra"]
[Source "ChessBase"]
[SourceDate "2010.03.03"]
[SourceVersion "1"]
[SourceVersionDate "2010.03.03"]
[SourceQuality "1"]

1. e4 d6 2. d4 Nf6 3. Nc3 g6 4. Nf3 Bg7 5. Be2 0-0 6. 0-0 Bg4 7. Be3 c6 8. Qd2 Nbd7 9. Rad1 Qc7 10. Bh6 Rad8 11. Bxg7 Kxg7 12. Qe3 Bxf3 13. Bxf3 a6 14. Be2 e5 15. dxe5 dxe5 16. Rd2 Qb6 17. Qxb6 Nxb6 18. Rfd1 Rxd2 19. Rxd2 Rb8 20. f3 Kf8 21. Kf2 Ke7 22. Ke3 Nh5 23. g3 f6 24. b3 Ng7 25. Bf1 Ne6 26. Ne2 Rd8 27. Rxd8 Nxd8 28. Bh3 c5 29. c3 Kd6 30. Nc1 Nc6 31. Nd3 Na7 32. Kd2 a5 33. Nb2 Nb5 34. Bf1 Nc7 35. Nc4+ Nxc4+ 36. Bxc4 b5 37. Bg8 h6 38. c4 Kc6 39. Kc3 g5 40. h4 gxh4 41. gxh4 b4+ 42. Kd2 Kd6 43. Ke3 Ke7 44. f4 Ne8 45. Kf3 Nd6 46. fxe5 fxe5 47. Bd5 Kf6 48. Kg4 Kg6 49. Bc6 h5+ 50. Kf3 Kf7 51. Bd5+ Ke7 52. Bc6 Nf7 53. Bd5 Nh8 54. Bg8 Ng6 55. Bh7 Nf4 56. Bf5 Kf7 57. Bd7 Nd3 58. Ke3 Nc1 59. Kd2 Nxa2 60. Bc6 Nc3 61. Ke3 Ke7 62. Kd3 Kd8 63. Ke3 Kc7 64. Ba4 Kd8 1/2-1/2

[Event "Lodi op"]
[Site "Lodi"]
[Date "2008.06.15"]
[Round "4"]
[White "Brigati, Alessandro"]
[Black "Saccona, Silvano"]
[Result "1/2-1/2"]
[WhiteElo "2097"]
[BlackElo "2178"]
[PlyCount "55"]
[EventDate "2008.06.13"]
[EventType "swiss"]
[EventRounds "5"]
[EventCountry "ITA"]
[SourceTitle "CBM 124 Extra"]
[Source "ChessBase"]
[SourceDate "2008.07.03"]
[SourceVersion "1"]
[SourceVersionDate "2008.07.03"]
[SourceQuality "1"]

1. d4 c6 2. c3 d5 3. Bf4 Bf5 4. e3 Qb6 5. Qb3 Nd7 6. Nd2 e6 7. Ngf3 h6 8. h3 Ngf6 9. Be2 Be7 10. 0-0 0-0 11. Ne5 Nxe5 12. Qxb6 axb6 13. Bxe5 Nd7 14. Bg3 b5 15. a3 Nb6 16. Bd1 Nc4 17. Nxc4 bxc4 18. Rc1 Ra6 19. Bc2 Rb6 20. Bxf5 exf5 21. Rc2 Ra8 22. Re1 Bf8 23. Bc7 Rb5 24. g4 Rc8 25. Bg3 fxg4 26. hxg4 Re8 27. Kg2 Re6 28. f3 1/2-1/2

[Event "Lodi op"]
[Site "Lodi"]
[Date "2008.06.13"]
[Round "1"]
[White "Martinez, Rolly"]
[Black "Brigati, Alessandro"]
[Result "1/2-1/2"]
[WhiteElo "2453"]
[BlackElo "2097"]
[PlyCount "56"]
[EventDate "2008.06.13"]
[EventType "swiss"]
[EventRounds "5"]
[EventCountry "ITA"]
[SourceTitle "CBM 124 Extra"]
[Source "ChessBase"]
[SourceDate "2008.07.03"]
[SourceVersion "1"]
[SourceVersionDate "2008.07.03"]
[SourceQuality "1"]

1. e4 d6 2. d4 Nf6 3. Nc3 g6 4. f3 c6 5. Be3 b5 6. Qd2 Nbd7 7. a4 b4 8. Nd1 a5 9. Bd3 Ba6 10. Ne2 Qc7 11. 0-0 Bg7 12. Nf2 0-0 13. f4 c5 14. Bxa6 Rxa6 15. c3 Rb8 16. Rfc1 Rc6 17. d5 bxc3 18. Nxc3 Ra6 19. Nb5 Qb7 20. f5 Ne8 21. Bh6 Nc7 22. Bxg7 Kxg7 23. Nxc7 Qxc7 24. Ng4 Rab6 25. Qh6+ Kg8 26. Rf1 Rxb2 27. fxg6 fxg6 28. Ra3 Rb1 1/2-1/2

[Event "EU Union-ch 3rd"]
[Site "Arvier"]
[Date "2007.06.24"]
[Round "10"]
[White "Chierici, Marianna"]
[Black "Brigati, Alessandro"]
[Result "0-1"]
[WhiteElo "1996"]
[BlackElo "2093"]
[PlyCount "48"]
[EventDate "2007.06.15"]
[EventType "swiss"]
[EventRounds "10"]
[EventCountry "ITA"]
[SourceTitle "CBM 118 Extra"]
[Source "ChessBase"]
[SourceDate "2007.07.04"]
[SourceVersion "1"]
[SourceVersionDate "2007.07.04"]
[SourceQuality "1"]

1. e4 d6 2. d4 Nf6 3. Nc3 g6 4. f4 Bg7 5. Nf3 0-0 6. Bd3 b6 7. Be3 Bb7 8. Qe2 c5 9. e5 Ng4 10. Bg1 Nc6 11. h3 cxd4 12. hxg4 dxc3 13. e6 cxb2 14. exf7+ Rxf7 15. Rb1 Bc3+ 16. Kd1 e5 17. Ng5 Rxf4 18. Nxh7 Nd4 19. Qe3 Bxg2 20. Rh3 Rf3 21. Qh6 Rxh3 22. Qxg6+ Kh8 23. Rxb2 Bf3+ 24. Kc1 Rh1 0-1

[Event "Verona op 13th"]
[Site "Verona"]
[Date "2007.01.06"]
[Round "5"]
[White "Brigati, Alessandro"]
[Black "Cardilli, Mariano"]
[Result "1-0"]
[WhiteElo "2111"]
[BlackElo "2079"]
[PlyCount "67"]
[EventDate "2007.01.03"]
[EventType "swiss"]
[EventRounds "7"]
[EventCountry "ITA"]
[SourceTitle "CBM 116 Extra"]
[Source "ChessBase"]
[SourceDate "2007.03.07"]
[SourceVersion "1"]
[SourceVersionDate "2007.03.07"]
[SourceQuality "1"]

1. Nf3 d5 2. d4 Nf6 3. g3 e6 4. Bg2 c6 5. 0-0 Be7 6. b3 0-0 7. Bb2 Nbd7 8. c4 b6 9. Nbd2 Bb7 10. Re1 Rc8 11. e4 a5 12. e5 Ne8 13. Nf1 Nc7 14. Ne3 Ba6 15. Rc1 Bb4 16. Re2 Qe7 17. Rec2 Na8 18. Bf1 Bb7 19. Bd3 f5 20. cxd5 cxd5 21. Rxc8 Bxc8 22. Nc2 Qd8 23. Nxb4 axb4 24. a3 Nb8 25. axb4 f4 26. g4 Nc7 27. Qc2 Nca6 28. Bxh7+ Kh8 29. Ba3 Qe7 30. Bd3 Bd7 31. Qe2 b5 32. Bxb5 Bxb5 33. Qxb5 Qa7 34. Qa5 1-0

[Event "Verona op 13th"]
[Site "Verona"]
[Date "2007.01.06"]
[Round "6"]
[White "Cazzaniga, Walter"]
[Black "Brigati, Alessandro"]
[Result "1-0"]
[WhiteElo "2157"]
[BlackElo "2111"]
[PlyCount "97"]
[EventDate "2007.01.03"]
[EventType "swiss"]
[EventRounds "7"]
[EventCountry "ITA"]
[SourceTitle "CBM 116 Extra"]
[Source "ChessBase"]
[SourceDate "2007.03.07"]
[SourceVersion "1"]
[SourceVersionDate "2007.03.07"]
[SourceQuality "1"]

1. d4 Nf6 2. c4 e6 3. Nf3 b6 4. g3 Bb7 5. Bg2 d5 6. Ne5 Bb4+ 7. Bd2 Bxd2+ 8. Nxd2 0-0 9. 0-0 Nbd7 10. Nxd7 Qxd7 11. Qc2 c5 12. dxc5 bxc5 13. cxd5 Bxd5 14. e4 Bb7 15. Rfd1 Rac8 16. Nc4 Qc7 17. Nd6 Rcd8 18. Nxb7 Qxb7 19. e5 Nd5 20. b3 Qc7 21. Rac1 Qxe5 22. Qxc5 Qe2 23. Bxd5 exd5 24. Rxd5 Rxd5 25. Qxd5 Qxa2 26. Rc7 h6 27. h4 a6 28. Kg2 Qa1 29. Ra7 Qc3 30. Rxa6 Rb8 31. Ra8 Qb4 32. Rxb8+ Qxb8 33. Qc4 Qa8+ 34. Kh2 g5 35. hxg5 hxg5 36. Qc5 f6 37. b4 Kg7 38. b5 Qf3 39. b6 Kg6 40. Qc2+ f5 41. Qb2 Qb7 42. Kg1 Kh5 43. Qe2+ Kg6 44. Qe6+ Kh5 45. Qb3 f4 46. gxf4 g4 47. Qe3 g3 48. Qxg3 Kh6 49. Qh3+ 1-0

[Event "Piacenza op 2nd"]
[Site "Piacenza"]
[Date "2006.10.22"]
[Round "5"]
[White "Faccia, Sergio"]
[Black "Brigati, Alessandro"]
[Result "1-0"]
[WhiteElo "2023"]
[BlackElo "2130"]
[PlyCount "79"]
[EventDate "2006.10.20"]
[EventType "swiss"]
[EventRounds "5"]
[EventCountry "ITA"]
[SourceTitle "EXT 2024"]
[Source "ChessBase"]
[SourceDate "2023.10.10"]
[SourceVersion "1"]
[SourceVersionDate "2023.10.10"]
[SourceQuality "1"]

1. e4 d6 2. d4 Nf6 3. Nc3 g6 4. f4 Bg7 5. Nf3 0-0 6. e5 dxe5 7. dxe5 Qxd1+ 8. Kxd1 Ng4 9. Ke1 c6 10. h3 Nh6 11. g4 Nd7 12. Be3 Nb6 13. Bxb6 axb6 14. Bc4 Kh8 15. Rd1 f5 16. g5 Nf7 17. h4 Nd8 18. h5 gxh5 19. Rxh5 Ne6 20. Rh4 b5 21. Bb3 Nc5 22. g6 h6 23. Bf7 b4 24. Ne2 Be6 25. Ng5 Bxf7 26. Nxf7+ Kg8 27. Ng3 e6 28. Nh5 Rxa2 29. Nf6+ Bxf6 30. exf6 Rxf7 31. Rd8+ Rf8 32. Rxf8+ Kxf8 33. Rxh6 Kg8 34. f7+ Kg7 35. Rh7+ Kxg6 36. f8Q Kxh7 37. Qxc5 Rxb2 38. Qe7+ Kg8 39. Qxe6+ Kh7 40. Qf7+ 1-0

[Event "Piacenza op 2nd"]
[Site "Piacenza"]
[Date "2006.10.21"]
[Round "3"]
[White "Murgia, Andrea"]
[Black "Brigati, Alessandro"]
[Result "1-0"]
[WhiteElo "2063"]
[BlackElo "2130"]
[PlyCount "119"]
[EventDate "2006.10.20"]
[EventType "swiss"]
[EventRounds "5"]
[EventCountry "ITA"]
[SourceTitle "EXT 2024"]
[Source "ChessBase"]
[SourceDate "2023.10.10"]
[SourceVersion "1"]
[SourceVersionDate "2023.10.10"]
[SourceQuality "1"]

1. e4 d6 2. d4 Nf6 3. Bd3 e5 4. c3 g6 5. f4 Nbd7 6. Nf3 Qe7 7. 0-0 Bg7 8. Na3 a6 9. fxe5 dxe5 10. Nc4 exd4 11. e5 Nd5 12. Bg5 Qc5 13. cxd4 Qa7 14. e6 fxe6 15. Nh4 Qxd4+ 16. Kh1 Nc5 17. Nxg6 Nxd3 18. Nxh8 Bxh8 19. Qh5+ Kd7 20. Na5 Bf6 21. Bxf6 Nxf6 22. Qf7+ Kd6 23. Qf8+ Kd5 24. Rxf6 Bd7 25. Qxa8 Qxf6 26. Qxb7+ Kd4 27. Nb3+ Ke3 28. Qf3+ Qxf3 29. gxf3 Bc6 30. Kg2 Bxf3+ 31. Kg3 e5 32. a4 Bd5 33. Ra3 Ke2 34. h4 e4 35. Nd4+ Kd2 36. h5 Nxb2 37. Nf5 Nd1 38. Ra1 e3 39. Rxd1+ Kxd1 40. Nxe3+ Ke2 41. Nxd5 c5 42. a5 c4 43. Kg4 Kd3 44. Nb4+ Kd4 45. Nxa6 c3 46. Nb4 Kc4 47. Nc2 Kb5 48. Kg5 Kxa5 49. Kh6 Ka4 50. Kxh7 Kb3 51. Ne3 Kb2 52. Kg7 Kc1 53. h6 Kd2 54. Nc4+ Kc1 55. h7 c2 56. Ne3 Kd2 57. Nxc2 Kxc2 58. h8Q Kd3 59. Qe8 Kd4 60. Kf6 1-0

[Event "Piacenza op 2nd"]
[Site "Piacenza"]
[Date "2006.10.20"]
[Round "1"]
[White "Brigati, Alessandro"]
[Black "Calza, Gabriele"]
[Result "1-0"]
[WhiteElo "2130"]
[BlackElo "2029"]
[PlyCount "87"]
[EventDate "2006.10.20"]
[EventType "swiss"]
[EventRounds "5"]
[EventCountry "ITA"]
[SourceTitle "EXT 2024"]
[Source "ChessBase"]
[SourceDate "2023.10.10"]
[SourceVersion "1"]
[SourceVersionDate "2023.10.10"]
[SourceQuality "1"]

1. d4 Nf6 2. c4 e6 3. Nc3 Bb4 4. Qc2 0-0 5. a3 Bxc3+ 6. Qxc3 Ne4 7. Qc2 f5 8. Nf3 b6 9. e3 Bb7 10. Bd3 a5 11. b3 d6 12. Bb2 Nd7 13. Qe2 c5 14. 0-0 Qe7 15. Nd2 Ndf6 16. f3 Nxd2 17. Qxd2 Qf7 18. Qe2 Qh5 19. Qf2 Qg5 20. Rad1 Rad8 21. Bc3 Rfe8 22. dxc5 dxc5 23. Be5 Nd7 24. Bg3 Qg6 25. Qc2 Qg5 26. Rfe1 h5 27. Qf2 Qg6 28. e4 Nf6 29. exf5 exf5 30. Qc2 Qg5 31. Qf2 Rxe1+ 32. Qxe1 Bxf3 33. gxf3 h4 34. Bxf5 Re8 35. Be6+ Kh8 36. f4 Qg6 37. f5 Qg4 38. Kf1 Qf3+ 39. Kg1 hxg3 40. hxg3 Ng4 41. Rd2 g6 42. Qa1+ Kh7 43. Rd7+ Kh6 44. Qg7+ 1-0

[Event "Novi Ligure op 1st"]
[Site "Novi Ligure"]
[Date "2006.10.14"]
[Round "3"]
[White "Brigati, Alessandro"]
[Black "Rigo, Gianfrancesco"]
[Result "0-1"]
[WhiteElo "2130"]
[BlackElo "2017"]
[PlyCount "56"]
[EventDate "2006.10.13"]
[EventType "swiss"]
[EventRounds "5"]
[EventCountry "ITA"]
[SourceTitle "EXT 2007"]
[Source "ChessBase"]
[SourceDate "2006.11.23"]
[SourceVersion "1"]
[SourceVersionDate "2006.11.23"]
[SourceQuality "1"]

1. d4 e6 2. c4 Bb4+ 3. Bd2 Qe7 4. Nf3 Nf6 5. Nc3 b6 6. e3 Bb7 7. Bd3 0-0 8. 0-0 Bxc3 9. Bxc3 Ne4 10. Rc1 d6 11. Bb4 c5 12. Ba3 Nd7 13. Qe2 f5 14. b3 Rf6 15. Bb2 Rg6 16. Kh1 Rh6 17. Ng1 Qh4 18. h3 Ndf6 19. dxc5 bxc5 20. Bxf6 Nxf6 21. Rc2 g5 22. Rd1 g4 23. f3 gxh3 24. Nxh3 Kh8 25. Qf2 Qh5 26. Be2 Rg8 27. Rxd6 Ng4 28. fxg4 Qxh3+ 0-1

[Event "Novi Ligure op 1st"]
[Site "Novi Ligure"]
[Date "2006.10.13"]
[Round "1"]
[White "Brigati, Alessandro"]
[Black "Conti, Marco"]
[Result "1-0"]
[WhiteElo "2130"]
[BlackElo "1696"]
[PlyCount "55"]
[EventDate "2006.10.13"]
[EventType "swiss"]
[EventRounds "5"]
[EventCountry "ITA"]
[SourceTitle "EXT 2007"]
[Source "ChessBase"]
[SourceDate "2006.11.23"]
[SourceVersion "1"]
[SourceVersionDate "2006.11.23"]
[SourceQuality "1"]

1. d4 e6 2. c4 c6 3. Nf3 d5 4. e3 Nh6 5. Nc3 Bb4 6. Qc2 0-0 7. Bd3 f5 8. Bd2 a6 9. a3 Qa5 10. 0-0 Bxc3 11. Bxc3 Qc7 12. a4 Nd7 13. b4 b6 14. Rfc1 Nf6 15. b5 a5 16. Bb2 cxb5 17. cxb5 Qf7 18. Ba3 Re8 19. Ne5 Qh5 20. Qe2 Qh4 21. Bd6 g5 22. Rc6 g4 23. g3 Qg5 24. Rxb6 Qg7 25. Rc6 Ra7 26. Rac1 Ra8 27. Rc7 Nd7 28. b6 1-0

[Event "Lodi op"]
[Site "Lodi"]
[Date "2006.06.05"]
[Round "1"]
[White "Castellanos Rodriguez, Renier"]
[Black "Brigati, Alessandro"]
[Result "1-0"]
[WhiteElo "2467"]
[BlackElo "2080"]
[PlyCount "91"]
[EventDate "2006.06.05"]
[EventType "swiss"]
[EventRounds "9"]
[EventCountry "ITA"]
[SourceTitle "CBM 112 Extra"]
[Source "ChessBase"]
[SourceDate "2006.07.14"]
[SourceVersion "1"]
[SourceVersionDate "2006.07.14"]
[SourceQuality "1"]

1. e4 d6 2. d4 Nf6 3. Nc3 g6 4. Be3 Bg7 5. Qd2 c6 6. h3 b5 7. Bd3 Nbd7 8. Nf3 Bb7 9. 0-0 Qc7 10. Bh6 0-0 11. Rfe1 e5 12. dxe5 dxe5 13. Ne2 c5 14. Ng3 Bxh6 15. Qxh6 c4 16. Bf1 Nc5 17. Ng5 Qe7 18. Re3 Ne6 19. a4 a6 20. b3 Rfc8 21. bxc4 bxa4 22. Rxa4 Rc7 23. Ra5 Nf4 24. Nf5 gxf5 25. Rg3 Ng6 26. exf5 Rac8 27. fxg6 fxg6 28. c5 Rxc5 29. Rxc5 Rxc5 30. Nxh7 Qxh7 31. Rxg6+ Kh8 32. Qf8+ Ng8 33. Rxg8+ Qxg8 34. Qxc5 Qg7 35. c4 Kh7 36. Qd6 a5 37. c5 a4 38. c6 Bc8 39. Bd3+ Kg8 40. Qd8+ Qf8 41. Bc4+ Kg7 42. Qg5+ Kh7 43. Bd3+ e4 44. Bxe4+ Kh8 45. Qh5+ Kg7 46. Qg6+ 1-0

[Event "Monza Sociale op"]
[Site "Monza"]
[Date "2006.05.18"]
[Round "6"]
[White "Radice, Luca"]
[Black "Brigati, Alessandro"]
[Result "0-1"]
[WhiteElo "2091"]
[BlackElo "2037"]
[PlyCount "94"]
[EventDate "2006.04.20"]
[EventType "swiss"]
[EventRounds "6"]
[EventCountry "ITA"]
[SourceTitle "EXT 2007"]
[Source "ChessBase"]
[SourceDate "2006.11.23"]
[SourceVersion "1"]
[SourceVersionDate "2006.11.23"]
[SourceQuality "1"]

1. d4 Nf6 2. c4 g6 3. Nc3 Bg7 4. e4 d6 5. f4 0-0 6. Nf3 c5 7. d5 e6 8. Be2 exd5 9. cxd5 Bg4 10. 0-0 Nbd7 11. Nd2 Bxe2 12. Qxe2 Re8 13. Qf3 a6 14. a4 b6 15. Nc4 Qc7 16. Bd2 Rab8 17. Rae1 b5 18. axb5 axb5 19. Nxd6 Qxd6 20. e5 Qb6 21. exf6 Nxf6 22. f5 b4 23. fxg6 fxg6 24. Nd1 Rbd8 25. Bg5 Rxe1 26. Rxe1 c4+ 27. Kh1 Qd4 28. Ne3 Rf8 29. Rd1 Qxb2 30. Nxc4 Qc3 31. Na5 Qxf3 32. gxf3 Nd7 33. Kg2 Ra8 34. Nc6 b3 35. Nd4 b2 36. Nb3 Ra1 37. Nxa1 bxa1Q 38. Rxa1 Bxa1 39. Kf2 Be5 40. h3 Kf7 41. f4 Bb2 42. Kf3 Nf6 43. h4 Nxd5 44. h5 Nf6 45. h6 Ke6 46. Kg3 Kf5 47. Kf3 Nh5 0-1

[Event "Salsomaggiore Terme op"]
[Site "Salsomaggiore Terme"]
[Date "2006.05.12"]
[Round "1"]
[White "Bozuffi, Italo"]
[Black "Brigati, Alessandro"]
[Result "1/2-1/2"]
[WhiteElo "1866"]
[BlackElo "2080"]
[PlyCount "130"]
[EventDate "2006.05.12"]
[EventType "swiss"]
[EventRounds "6"]
[EventCountry "ITA"]
[SourceTitle "EXT 2007"]
[Source "ChessBase"]
[SourceDate "2006.11.23"]
[SourceVersion "1"]
[SourceVersionDate "2006.11.23"]
[SourceQuality "1"]

1. e4 d6 2. d4 Nf6 3. Nc3 g6 4. Nf3 Bg7 5. Bg5 h6 6. Bd2 c6 7. Bd3 0-0 8. Qc1 Kh7 9. h4 Bg4 10. Nh2 e5 11. Nxg4 Nxg4 12. d5 Nd7 13. f3 Ngf6 14. g4 Ne8 15. Be3 Nc7 16. Qd2 Nc5 17. Be2 Qe7 18. Bxc5 dxc5 19. d6 Qd8 20. dxc7 Qxc7 21. Qe3 b6 22. Rd1 Rfd8 23. 0-0 Rd4 24. Qf2 Qe7 25. Kg2 Rad8 26. Rh1 Qe6 27. Bd3 Bf8 28. Ne2 R4d7 29. Nc3 c4 30. Be2 Bc5 31. Qg3 Bd4 32. g5 h5 33. Qh3 Qxh3+ 34. Kxh3 b5 35. a3 Kg7 36. Kg3 Kf8 37. a4 a6 38. axb5 axb5 39. f4 exf4+ 40. Kxf4 Ke8 41. Kf3 Ra7 42. Ra1 Rda8 43. Rxa7 Rxa7 44. Rd1 Bxc3 45. bxc3 Ra3 46. Rd6 Rxc3+ 47. Kf2 Rxc2 48. Rxc6 Rb2 49. e5 Ke7 50. Ke1 Rb3 51. Rb6 Kd7 52. Rf6 Ke7 53. e6 fxe6 54. Rxg6 Rh3 55. Rg7+ Kf8 56. Rb7 Rxh4 57. Rxb5 c3 58. Rc5 Rh3 59. Kf2 h4 60. Kg2 Rg3+ 61. Kf2 Kg7 62. Bf3 c2 63. Rxc2 Rxg5 64. Rc4 h3 65. Rh4 Kf6 1/2-1/2

[Event "Brianza-ch"]
[Site "Monza"]
[Date "2006.02.16"]
[Round "4"]
[White "Melotti, Dario"]
[Black "Brigati, Alessandro"]
[Result "0-1"]
[WhiteElo "2116"]
[BlackElo "2037"]
[PlyCount "132"]
[EventDate "2006.02.01"]
[EventType "swiss"]
[EventRounds "9"]
[EventCountry "ITA"]
[SourceTitle "EXT 2007"]
[Source "ChessBase"]
[SourceDate "2006.11.23"]
[SourceVersion "1"]
[SourceVersionDate "2006.11.23"]
[SourceQuality "1"]

1. c4 Nf6 2. Nc3 g6 3. e4 d6 4. d4 Bg7 5. Nf3 0-0 6. Be2 Nbd7 7. 0-0 e5 8. dxe5 dxe5 9. Be3 b6 10. Nd2 Bb7 11. b4 Qe7 12. Qb3 Rfd8 13. Nd5 Nxd5 14. cxd5 c6 15. dxc6 Bxc6 16. f3 Nf8 17. Rfc1 Bb7 18. Bc4 Bf6 19. Nf1 Rd6 20. a4 Rad8 21. a5 Bc8 22. axb6 axb6 23. Bf2 Ne6 24. Ne3 Nd4 25. Qa2 Bh4 26. Bxh4 Qxh4 27. Qf2 Qxf2+ 28. Kxf2 Kg7 29. Ra7 R6d7 30. Rxd7 Bxd7 31. Bd5 f6 32. Rc7 Kf8 33. Nc4 b5 34. Nb6 Ke7 35. Ra7 Kd6 36. Ba2 Nc6 37. Ra3 Nxb4 38. Nd5 Nxd5 39. Bxd5 Rc8 40. Ke3 Bc6 41. Bb3 Rc7 42. Kd3 Kc5 43. Be6 b4 44. Ra1 Bb5+ 45. Kd2 Kd4 46. Rb1 Kc5 47. Rc1+ Kd6 48. Rxc7 Kxc7 49. g3 g5 50. h4 h6 51. hxg5 fxg5 52. Bb3 Kd6 53. Ke3 Kc5 54. f4 gxf4+ 55. gxf4 exf4+ 56. Kxf4 Bc4 57. Bc2 b3 58. Bb1 b2 59. Ke5 h5 60. Kf4 Kd4 61. e5 Bd3 62. Ba2 Bg6 63. Kg5 Be8 64. e6 Kc3 65. Bb1 Kd2 66. Kf6 Kc1 0-1

[Event "Robecchetto op-A"]
[Site "Robecchetto"]
[Date "2005.12.29"]
[Round "5"]
[White "Brigati, Alessandro"]
[Black "Pace, Pietro Dario"]
[Result "1-0"]
[WhiteElo "2006"]
[BlackElo "2233"]
[PlyCount "89"]
[EventDate "2005.12.27"]
[EventType "swiss"]
[EventRounds "6"]
[EventCountry "ITA"]
[SourceTitle "CBM 110 Extra"]
[Source "ChessBase"]
[SourceDate "2006.03.10"]
[SourceVersion "2"]
[SourceVersionDate "2006.03.10"]
[SourceQuality "1"]

1. d4 Nf6 2. c4 g6 3. Nc3 d5 4. cxd5 Nxd5 5. e4 Nxc3 6. bxc3 Bg7 7. Bc4 0-0 8. Ne2 c5 9. 0-0 Nc6 10. Be3 Qc7 11. Rc1 Rd8 12. Qd2 e6 13. Qb2 Na5 14. Bd3 b6 15. Rfd1 Bb7 16. f3 Rac8 17. g3 c4 18. Bb1 f5 19. Nf4 Qe7 20. Qf2 fxe4 21. Bxe4 e5 22. dxe5 Bxe4 23. fxe4 Bxe5 24. Bd4 Nc6 25. Bxe5 Nxe5 26. Rd4 Rf8 27. Qe2 g5 28. Nd5 Qe6 29. Rf1 Rxf1+ 30. Kxf1 b5 31. Rd1 Qh3+ 32. Kg1 Rf8 33. Ne7+ Kh8 34. Nf5 g4 35. Rd6 Nf3+ 36. Kh1 Qh5 37. h4 Qe8 38. Rd5 Qe6 39. Qe3 a6 40. Qa7 Qg6 41. Rd6 Qg8 42. Rd7 Qg6 43. Rg7 Qh5 44. Qe7 Re8 45. Qf6 1-0

[Event "Robecchetto op-A"]
[Site "Robecchetto"]
[Date "2005.12.28"]
[Round "3"]
[White "Brigati, Alessandro"]
[Black "Damia, Angelo"]
[Result "1/2-1/2"]
[WhiteElo "2006"]
[BlackElo "2137"]
[PlyCount "44"]
[EventDate "2005.12.27"]
[EventType "swiss"]
[EventRounds "6"]
[EventCountry "ITA"]
[SourceTitle "CBM 110 Extra"]
[Source "ChessBase"]
[SourceDate "2006.03.10"]
[SourceVersion "2"]
[SourceVersionDate "2006.03.10"]
[SourceQuality "1"]

1. d4 d6 2. c4 e5 3. dxe5 dxe5 4. Qxd8+ Kxd8 5. Nc3 c6 6. b3 f6 7. Bb2 Be6 8. 0-0-0+ Kc7 9. Nf3 Nh6 10. h3 Nd7 11. e3 Nb6 12. Be2 a5 13. g4 Nf7 14. Nh4 g5 15. Ng2 Be7 16. f4 Rad8 17. Ne4 Rxd1+ 18. Kxd1 Rd8+ 19. Kc1 exf4 20. exf4 f5 21. Nf6 h6 22. Rf1 gxf4 1/2-1/2

[Event "Bratto Gorgonzola op"]
[Site "Bratto"]
[Date "2005.11.19"]
[Round "4"]
[White "Barlocco, Carlo"]
[Black "Brigati, Alessandro"]
[Result "0-1"]
[WhiteElo "2224"]
[BlackElo "2006"]
[PlyCount "74"]
[EventDate "2005.11.12"]
[EventType "swiss"]
[EventRounds "7"]
[EventCountry "ITA"]
[SourceTitle "EXT 2007"]
[Source "ChessBase"]
[SourceDate "2006.11.23"]
[SourceVersion "1"]
[SourceVersionDate "2006.11.23"]
[SourceQuality "1"]

1. e4 d6 2. Nf3 Nf6 3. d3 g6 4. Be2 Bg7 5. 0-0 0-0 6. Nbd2 e5 7. c3 Nc6 8. b4 a6 9. Bb2 Bd7 10. a3 Nh5 11. Re1 Nf4 12. Bf1 h6 13. Nc4 f5 14. d4 fxe4 15. Nfd2 exd4 16. cxd4 d5 17. Ne5 Nxe5 18. dxe5 Qg5 19. Nxe4 Nh3+ 20. Kh1 dxe4 21. Qxd7 Nxf2+ 22. Kg1 Rae8 23. g3 Bxe5 24. Qd5+ Kg7 25. Bxe5+ Qxe5 26. Qxb7 Qd6 27. Qxa6 Qd4 28. Qe2 Nh3+ 29. Kg2 Rf2+ 30. Kxh3 Rxe2 31. Bxe2 Qf2 32. a4 Rd8 33. a5 h5 34. a6 Kh6 35. Red1 Ra8 36. Ra2 g5 37. g4 hxg4+ 0-1

[Event "Bratto Gorgonzola op"]
[Site "Bratto"]
[Date "2005.11.12"]
[Round "1"]
[White "Facchetti, Gianni"]
[Black "Brigati, Alessandro"]
[Result "0-1"]
[WhiteElo "2123"]
[BlackElo "2006"]
[PlyCount "130"]
[EventDate "2005.11.12"]
[EventType "swiss"]
[EventRounds "7"]
[EventCountry "ITA"]
[SourceTitle "EXT 2007"]
[Source "ChessBase"]
[SourceDate "2006.11.23"]
[SourceVersion "1"]
[SourceVersionDate "2006.11.23"]
[SourceQuality "1"]

1. e4 d6 2. d4 Nf6 3. Nc3 g6 4. Bg5 Bg7 5. e5 Nfd7 6. exd6 cxd6 7. Nf3 Nc6 8. Qd2 0-0 9. Be2 Nf6 10. Bh6 Bg4 11. Bxg7 Kxg7 12. 0-0-0 Qa5 13. Kb1 Nb4 14. a3 Nbd5 15. Nxd5 Qxd2 16. Rxd2 Nxd5 17. h3 Bd7 18. Re1 Rfe8 19. Bf1 Rac8 20. g3 h6 21. Ng1 Bc6 22. f4 Rc7 23. Bd3 Nf6 24. Rde2 Kf8 25. b3 a5 26. c4 b6 27. d5 Bd7 28. a4 Bc8 29. Kb2 Nd7 30. Re3 Nc5 31. g4 Kg7 32. Nf3 Bb7 33. Nd4 Kf6 34. h4 Rh8 35. Nb5 Rd7 36. Bc2 Re8 37. g5+ hxg5 38. hxg5+ Kg7 39. f5 gxf5 40. Bxf5 e6 41. Ka3 Bc8 42. dxe6 fxe6 43. Bg4 Rdd8 44. Nc7 Re7 45. Nd5 Rb7 46. Nf4 e5 47. Bxc8 Rxc8 48. Nd5 Rf8 49. Rh1 Rh8 50. Rxh8 Kxh8 51. Rh3+ Kg7 52. Rh6 Ne4 53. Kb2 Rb8 54. Re6 Rd8 55. Re7+ Kg6 56. Rb7 Kxg5 57. Rxb6 Nc5 58. Nc7 Rd7 59. Nb5 d5 60. cxd5 Rxd5 61. Nc3 Rd2+ 62. Kc1 Rh2 63. Rb5 Nd3+ 64. Kd1 Kf4 65. Ne2+ Ke3 0-1